书目信息 |
| 题名: |
中国文化全知道
|
|
| 作者: | 于海娣 主编 | |
| 分册: | 第四卷 | |
| 出版信息: | 北京 华文出版社 2010.02 |
|
| 页数: | 589-794页 | |
| 开本: | 24cm | |
| 丛书名: | ||
| 单 册: | ||
| 中图分类: | G12 | |
| 科图分类: | ||
| 主题词: | 文化--概况--中国 | |
| 电子资源: | ||
| ISBN: | 978-7-5075-2784-1 | |
| 000 | 00804nam0 2200229 450 | |
| 001 | 012010609395 | |
| 005 | 20111223170835.90 | |
| 009 | 012004446470 | |
| 010 | @a978-7-5075-2784-1@dCNY74.00 | |
| 100 | @a20100515d2010 em y0chiy0110 ea | |
| 101 | 0 | @achi |
| 102 | @aCN@b110000 | |
| 105 | @aa z 000yy | |
| 200 | 1 | @a中国文化全知道@Azhong guo wen hua quan zhi dao@h第四卷@f于海娣等主编 |
| 210 | @a北京@c华文出版社@d2010.02 | |
| 215 | @a589-794页@c图@d24cm | |
| 330 | @a书中对浩如烟海的中国传统文化史料进行了适当的取舍,选取了具有中国文化代表性的主题,深入浅出地介绍了中国文化的各个侧面,全书分为文学、戏剧、音乐、舞蹈、茶、中医、养生、饮食、道教、佛教等卷。 | |
| 606 | 0 | @a文化@x概况@y中国 |
| 690 | @aG12@v4 | |
| 701 | 0 | @a于海娣@Ayu hai di@4主编 |
| 801 | 0 | @aCN@c20111223 |
| 905 | @dG12@eY710:4@f3 | |
| 中国文化全知道.第四卷/于海娣等主编.-北京:华文出版社,2010.02 |
| 589-794页:图;24cm |
| ISBN 978-7-5075-2784-1:CNY74.00 |
| 书中对浩如烟海的中国传统文化史料进行了适当的取舍,选取了具有中国文化代表性的主题,深入浅出地介绍了中国文化的各个侧面,全书分为文学、戏剧、音乐、舞蹈、茶、中医、养生、饮食、道教、佛教等卷。 |
| ● |
| 相关链接 |
|
|
|
正题名:中国文化全知道
索取号:G12/Y710:4
 
预约/预借
| 序号 | 登录号 | 条形码 | 馆藏地/架位号 | 状态 | 备注 |
| 1 | 1065242 | 210652426 | 社科库409/409社科库 56排2列3层/ [索取号:G12/Y710:4] | 在馆 | |
| 2 | 1065243 | 210652435 | 社科二线422/422社科库 40排2列4层/ [索取号:G12/Y710:4] | 在馆 | |
| 3 | 1065822 | 210658224 | 社科二线422/422社科库 40排2列4层/ [索取号:G12/Y710:4] | 在馆 |